000 00858nam a2200241 a 4500
001 0931
005 20140414132145.0
008 041008s19uu xx 00 eng d
020 _a0-590-76151-X
050 _aKIT (SER) 591.998
_bC16 1998
100 _aCanizares, Susan
245 _aArctic winter, artic summer /
_cSusan Canizares, Mary Reid.
260 _aNew York:
_bScholastic Inc.,
_c1998.
300 _a1 v. (unp.) ; ill.
440 _aScience Emergent Readers
500 _a"Scholastic early childhood"--Includes index
520 _aPhotographs and simple text contrast Arctic landscapes and animals in winter and summer.
650 _aZoology
_xArctic regions
_xJuvenile literature
650 _aWinter
_xArctic regions
_xJuvenile literature
650 _aSummer
_xArctic regions
_xJuvenile literature
999 _c115415
_d115415